Cvety na balkone i terrase

Bibliographic Details
Main Author: Deiser, Ernst (Author)
Other Authors: Čekmarova, V. (Translator)
Format: Book
Language:Russian
German
PhysicalDescription:153 s. fareb. fotogr. 22 cm
Published: Moskva Kristina - novyj vek 2001
ISBN:5937390261 (viaz.)
Series:Biblioteka sadovoda
Subjects:

MARC

LEADER 00000nam a2200000 a 4500
001 vtls008769155
003 SK-MaSNL
005 20260301205559.0
008 060601s2001 xo o g 001 0 rus
020 |a 5937390261 (viaz.) 
040 |a SNK  |b slo  |c SNK  |e AACR2 
041 1 |a rus  |h ger 
044 |a xo  |c SK 
072 7 |a 635  |x Záhradníctvo  |2 konspekt 
080 |a 635.921  |2 2001 
080 |a 635.92  |2 2001 
080 |a (035)  |2 2001 
100 1 |a Deiser, Ernst  |4 aut  |9 43378 
245 1 0 |a Cvety na balkone i terrase  |c Ernst Dajzer ; [perevod s nemeckogo V. Čekmareva] 
260 |a Moskva  |b Kristina - novyj vek  |c 2001  |e [Martin]  |f Neografia 
300 |a 153 s.  |b fareb. fotogr.  |c 22 cm 
490 1 |a Biblioteka sadovoda 
500 |a Rozlož. fareb. fotogr. na tit. strane 
500 |a Reg. 
650 0 7 |a okrasné záhradné rastliny  |2 SNKPH  |9 311448 
650 0 7 |a balkónové rastliny  |2 SNKPH  |9 30803 
655 7 |a príručky  |2 SNKPH  |9 74364 
700 1 |a Čekmarova, V.  |4 trl  |9 591894 
830 0 |a Biblioteka sadovoda  |9 304516 
919 |a 5-93739-026-1 
958 |a OND 
999 |c 910647  |d 912577 
952 |a SNK  |b SNK  |y PREZ  |7 0  |p 17A0511420  |o snkSC 123854  |i snk2006/10996  |8 1  |0 0  |1 0  |4 0  |d 2006-06-01  |l 0  |r 2025-06-05 00:00:00  |w 2026-02-24